| 000 | 01148nam a22003017a 4500 | ||
|---|---|---|---|
| 999 |
_c22028 _d22028 |
||
| 003 | AR-CdUCM | ||
| 008 | 190425b ||||| |||| 00| 0 spa d | ||
| 040 |
_aMUNICIPALIDAD PROVINCIAL DEL CUSCO _cBIBLIOTECA MUNICIPAL DEL CUSCO |
||
| 082 | _aRev.Muni/N°3/1991 | ||
| 110 |
_aMunicipalidad Provincial del Cusco _947190 |
||
| 245 |
_aRevista Municipal del Qosqo / _cMunicipalidad Provincial del Cusco |
||
| 260 |
_aCusco. _bMercantil, _c1991. |
||
| 300 |
_a158 páginas. : _bilustraciones ; _c30 cm. |
||
| 440 |
_aRevista Municipal del Qosqo. _nAño 1, segunda época, N°3 _947195 |
||
| 505 | _aContenido: Dos importantes coloquios sobre el rescate del topónimo Qosqo. José Béjar. -- El topónimo Qosqo... | ||
| 650 |
_aHistorias del Cusco _947166 |
||
| 650 |
_aPatrimonio _95523 |
||
| 650 |
_aIdentidad _9255 |
||
| 650 |
_aCusqueñismo _92721 |
||
| 650 |
_aSiglo XX _947176 |
||
| 700 |
_aChávez Ballón, Manuel _945977 |
||
| 700 |
_aBarreda Murillo, Luis _931369 |
||
| 700 |
_aRozas Aragón, Abel _942152 |
||
| 700 |
_aAparicio Vega, Jesús Manuel _947196 |
||
| 700 |
_aTamayo Herrera, José _911513 |
||
| 942 |
_2ddc _cPP |
||
| 945 | _arac | ||